Estados Unidos: el promotor de la contrarrevolución en Guatemala /
में बचाया:
| निगमित लेखकों: | , |
|---|---|
| स्वरूप: | मूलपाठ |
| प्रकाशित: |
Guatemala:
Asociación de Derecho
|
| टैग: |
टैग जोड़ें
कोई टैग नहीं, इस रिकॉर्ड को टैग करने वाले पहले व्यक्ति बनें!
|
MARC
| LEADER | 00000 a a2200000 04500 | ||
|---|---|---|---|
| 001 | 20402 | ||
| 003 | |||
| 040 | |||
| 090 | |a 085200 | ||
| 110 | |a North American Council for Latin America | ||
| 245 | |a Estados Unidos: el promotor de la contrarrevolución en Guatemala / |c North American Council for Latin America | ||
| 260 | |a Guatemala: |b Asociación de Derecho | ||
| 300 | |a 52 p. | ||
| 710 | |a NACLA | ||
| 999 | |c 16294 |d 16294 | ||
